000 00563nam a2200181Ia 4500
008 100921s9999 xx 000 0 und d
082 _b20419
_a891.463 थ 87
100 _aवाळिंबे शरदचंद्र.
245 _aफरारी.
260 _bमनमोहिनी प्रकाशन,पुणे.
_c1987
300 _a169
_b---
365 _b45
520 _aललित-कादंबरी.
630 _aफरारी.
650 _aललित-कादंबरी.
730 _aफरारी.
942 _cBOOK
999 _c769532
_d769529